[Event "Moscow op-B"]
[Site "Moscow"]
[Date "2009.11.20"]
[Round "1"]
[White "Chapygin, Sergey"]
[Black "Lopukhin, Anatoly Viktorovich"]
[Result "0-1"]
[WhiteElo "2085"]
[BlackElo "1400"]
[PlyCount "84"]
[EventDate "2009.01.31"]
[EventType "swiss"]
[EventRounds "9"]
[EventCountry "RUS"]
[SourceTitle "EXT 2012"]
[Source "ChessBase"]
[SourceDate "2011.11.24"]
[SourceVersion "1"]
[SourceVersionDate "2011.11.24"]
[SourceQuality "1"]

1. e4 d6 2. d4 Nf6 3. Nc3 c6 4. f4 Qa5 5. Bd2 e5 6. Nf3 Bg4 7. Be2 Bxf3 8. Bxf3 exd4 9. Ne2 Qb6 10. a4 a5 11. Ra3 Na6 12. Rb3 Nb4 13. Bxb4 axb4 14. Nxd4 Be7 15. Nf5 Kf8 16. c3 Rxa4 17. e5 dxe5 18. fxe5 Ne8 19. e6 fxe6 20. Nd4 c5 21. Nc2 Nf6 22. c4 Kf7 23. 0-0 Rd8 24. Qe2 Rd6 25. Re3 Qd8 26. Bg4 Raa6 27. Qf3 Rd2 28. Ne1 Qd4 29. Kh1 Rd6 30. b3 e5 31. Bf5 g6 32. Bc8 b6 33. Qg3 e4 34. Bb7 Kg7 35. Qf4 Re6 36. Rh3 Rd1 37. Bd5 Re5 38. Qh6+ Kh8 39. Qf4 Rf5 40. Qb8+ Kg7 41. Rhf3 exf3 42. gxf3 Nxd5 0-1

[Event "Nizhnij Novgorod Voroniatov Memor 6th"]
[Site "Nizhnij Novgorod"]
[Date "2009.05.??"]
[Round "6"]
[White "Chapygin, Sergey"]
[Black "Shilnikov, Igor S"]
[Result "1-0"]
[WhiteElo "2093"]
[BlackElo "1983"]
[PlyCount "39"]
[EventDate "2009.05.03"]
[EventType "swiss"]
[EventRounds "8"]
[EventCountry "RUS"]
[SourceTitle "EXT 2022"]
[Source "ChessBase"]
[SourceDate "2021.10.06"]
[SourceVersion "1"]
[SourceVersionDate "2021.10.06"]
[SourceQuality "1"]

1. e4 e5 2. f4 d5 3. exd5 e4 4. d3 Nf6 5. dxe4 Nxe4 6. Nf3 Bc5 7. Qe2 Bf2+ 8. Kd1 Qxd5+ 9. Nfd2 f5 10. Nc3 Qd4 11. Ncxe4 fxe4 12. c3 Qe3 13. Nxe4 Qxe2+ 14. Bxe2 Bb6 15. Re1 0-0 16. Kc2 Be6 17. Bd3 Nd7 18. g3 Rae8 19. Bd2 c6 20. Ng5 1-0

[Event "Nizhnij Novgorod Region-ch op"]
[Site "Nizhnij Novgorod"]
[Date "2008.10.??"]
[Round "8"]
[White "Chapygin, Sergey"]
[Black "Grushin, Stanislav"]
[Result "1-0"]
[WhiteElo "2088"]
[BlackElo "1963"]
[PlyCount "69"]
[EventDate "2008.10.04"]
[EventType "swiss"]
[EventRounds "9"]
[EventCountry "RUS"]
[SourceTitle "EXT 2022"]
[Source "ChessBase"]
[SourceDate "2021.10.06"]
[SourceVersion "1"]
[SourceVersionDate "2021.10.06"]
[SourceQuality "1"]

1. e4 c5 2. Nc3 Nc6 3. g3 g6 4. Bg2 Bg7 5. Nge2 e6 6. d3 Nge7 7. Be3 d6 8. Qd2 Rb8 9. Bh6 Bf6 10. 0-0 Nd4 11. g4 Ng8 12. Be3 e5 13. h3 Nxe2+ 14. Nxe2 g5 15. Ng3 h6 16. c3 Be6 17. d4 b6 18. Rfd1 Be7 19. Qe2 Qc8 20. dxe5 dxe5 21. Nf5 Kf8 22. a4 Bb3 23. Rd2 a5 24. c4 Qe8 25. Qd3 Bxa4 26. Nxe7 Nxe7 27. Qd6 Kg7 28. Qxe5+ f6 29. Qc7 Bc6 30. e5 Rb7 31. Qd6 fxe5 32. Qxe5+ Kf7 33. Rd6 Bxg2 34. Kxg2 Rh7 35. Qe4 1-0

[Event "Nizhnij Novgorod Region-ch op"]
[Site "Nizhnij Novgorod"]
[Date "2008.10.??"]
[Round "6"]
[White "Chapygin, Sergey"]
[Black "Sukhinin, Anatoly"]
[Result "1/2-1/2"]
[WhiteElo "2088"]
[BlackElo "1809"]
[PlyCount "104"]
[EventDate "2008.10.04"]
[EventType "swiss"]
[EventRounds "9"]
[EventCountry "RUS"]
[SourceTitle "EXT 2022"]
[Source "ChessBase"]
[SourceDate "2021.10.06"]
[SourceVersion "1"]
[SourceVersionDate "2021.10.06"]
[SourceQuality "1"]

1. d4 d5 2. Nf3 Nf6 3. c4 c6 4. cxd5 cxd5 5. Nc3 Nc6 6. Bf4 g6 7. e3 Nh5 8. Bg5 Bg7 9. Qb3 h6 10. Bh4 g5 11. Bg3 Nxg3 12. hxg3 e6 13. Rc1 0-0 14. Bd3 a6 15. Bb1 Ne7 16. Nxg5 hxg5 17. Bh7+ Kh8 18. Qd1 Ng8 19. f4 Nh6 20. Qh5 g4 21. Bd3 f5 22. Qg6 Rf6 23. Qg5 Kg8 24. Rxh6 Bd7 25. Rh1 Be8 26. Kf2 Qd7 27. Qh4 Bg6 28. Qh2 b5 29. Qg1 Rff8 30. Qf1 Rfc8 31. Qe2 Rc7 32. a3 Rac8 33. Na2 Be8 34. Qd2 Bf8 35. Rxc7 Rxc7 36. Rc1 Qc8 37. Rxc7 Qxc7 38. Qc3 Bd6 39. Ke2 Kf8 40. Kd2 Qb7 41. Qa5 Bc7 42. Qb4+ Kf7 43. Qc5 Qb8 44. Qc2 Bd6 45. b4 Bd7 46. Qc3 Qh8 47. Ke2 Qf8 48. Nc1 Qh6 49. Nb3 Qh1 50. Kf2 Qh8 51. Qc1 Ke7 52. Na5 Kf6 1/2-1/2